| 000 | 00526nam a2200181Ia 4500 | ||
|---|---|---|---|
| 005 | 20250923144432.0 | ||
| 008 | 008 250917s9999 xx 000 0 eng d | ||
| 037 | _aTextual | ||
| 040 |
_aDSWL _beng _cDSWL |
||
| 041 |
_aeng _2eng |
||
| 084 |
_aY12:45:6, F5.1 _qDSWL |
||
| 100 |
_aWaters, M. V. _9824862 |
||
| 245 | 0 |
_aYouth in conflict _cby M. V. Waters |
|
| 260 |
_aNew York _b Republic Publishing co. _c1925 |
||
| 300 | _a293 p. | ||
| 942 |
_cTEXL _hY12:45:6, F5.1 |
||
| 999 |
_c1438856 _d1438856 |
||